| 000 | 00684nam a2200193 a 4500 | ||
|---|---|---|---|
| 005 | 20210219155011.0 | ||
| 008 | 041124s1998 mx r 000 0 spa d | ||
| 020 | _a9589121063 | ||
| 035 | _aUPN01000136535 | ||
| 049 | _aCE | ||
| 050 | 4 | _aPOR ADQUIRIR | |
| 245 | 0 | 0 |
_aReglas de catalogación angloamericanas / _cpreparadas bajo la dirección de The Joint Steering Committee for Revison of AACR ; edits. Michael Gorman y Paul W. Winkler ; tr. por Margarita Amaya de Heredia. |
| 250 | _a2a ed. rev. | ||
| 260 |
_aSantafé de Bogotá : _bRojas Eberhard, _c1998. |
||
| 300 | _axxix, 765 p. | ||
| 700 | 1 |
_aGorman, Michael, _eed. |
|
| 700 | 1 |
_aWinkler, Paul W., _eed. |
|
| 905 | _aLibro | ||
| 999 |
_c108686 _d108686 |
||